<?xml version="1.0" encoding="UTF-8"?>
<record
    xmlns:xsi="http://www.w3.org/2001/XMLSchema-instance"
    xsi:schemaLocation="http://www.loc.gov/MARC21/slim http://www.loc.gov/standards/marcxml/schema/MARC21slim.xsd"
    xmlns="http://www.loc.gov/MARC21/slim">

  <leader>02969nam a22002777i 4500</leader>
  <controlfield tag="003">DO-SdBNP</controlfield>
  <controlfield tag="005">20240411121557.0</controlfield>
  <controlfield tag="007">ta</controlfield>
  <controlfield tag="008">240411b2023    pr ||||| |||| 00| p spa d</controlfield>
  <datafield tag="020" ind1=" " ind2=" ">
    <subfield code="a">9789945637274 </subfield>
  </datafield>
  <datafield tag="040" ind1=" " ind2=" ">
    <subfield code="a">DO-SdBNP</subfield>
    <subfield code="b">spa</subfield>
    <subfield code="c">BNPHU </subfield>
    <subfield code="e">rda</subfield>
  </datafield>
  <datafield tag="082" ind1=" " ind2="4">
    <subfield code="2">22</subfield>
  </datafield>
  <datafield tag="100" ind1="1" ind2=" ">
    <subfield code="a">Rivera Rodr&#xED;guez, Luis Alberto,</subfield>
    <subfield code="d">1958-</subfield>
    <subfield code="9">85188</subfield>
  </datafield>
  <datafield tag="245" ind1="1" ind2="0">
    <subfield code="a">Conversaci&#xF3;n con los muertos /</subfield>
    <subfield code="c">Rivera Rodr&#xED;guez, Luis Alberto.</subfield>
  </datafield>
  <datafield tag="264" ind1=" " ind2=" ">
    <subfield code="a">San Juan Puerto Rico :</subfield>
    <subfield code="b">Editorial Isla Negra, </subfield>
    <subfield code="c">2023</subfield>
  </datafield>
  <datafield tag="300" ind1=" " ind2=" ">
    <subfield code="a">137 p&#xE1;ginas ; </subfield>
    <subfield code="c">23 cm. </subfield>
  </datafield>
  <datafield tag="336" ind1=" " ind2=" ">
    <subfield code="2">rdacontent</subfield>
    <subfield code="a">texto</subfield>
    <subfield code="b">txt</subfield>
  </datafield>
  <datafield tag="337" ind1=" " ind2=" ">
    <subfield code="2">rdamedia</subfield>
    <subfield code="a">sin mediaci&#xF3;n</subfield>
    <subfield code="b">n</subfield>
  </datafield>
  <datafield tag="338" ind1=" " ind2=" ">
    <subfield code="2">rdacarrier</subfield>
    <subfield code="a">volumen </subfield>
    <subfield code="b">nc</subfield>
  </datafield>
  <datafield tag="490" ind1="0" ind2=" ">
    <subfield code="a">Colecci&#xF3;n Filo de Juego </subfield>
  </datafield>
  <datafield tag="500" ind1=" " ind2=" ">
    <subfield code="a">Incluye datos biogr&#xE1;ficos del autor en la solapa de la cubierta.</subfield>
  </datafield>
  <datafield tag="505" ind1="0" ind2=" ">
    <subfield code="a">I. Introducci&#xF3;n
&#xBF;De qu&#xE9; miseria estoy deshecho? -- 
Conversaci&#xF3;n con el alma --
Conversaci&#xF3;n con el esp&#xED;ritu --
Conversaci&#xF3;n con la carne --
Conversaci&#xF3;n con el otro --
Por el prestigio de tu nombre --
II. Conversaci&#xF3;n con los muertos --
Al Maestro Homero Aulet --
En Cang&#xE1; con Luis Pal&#xE9;s Matos --
Conversaci&#xF3;n con Luis Pal&#xE9;s Matos --
Conversaci&#xF3;n con Nicanor Parra --
Yo he vencido: Martin Luther King --
Conversaci&#xF3;n con Juan Ram&#xF3;n Jim&#xE9;nez --
Se muere la rosa... Almudena Grandes --
A Manuel de la Puebla, estrella de cinco picos --
A prop&#xF3;sito de los muertos, Cervantes --
Angela Mar&#xED;a D&#xE1;vila --
Julia de Burgos --
Yo tambi&#xE9;n soy as&#xED;, Corretjer --
No morir&#xE9; como t&#xFA;, Vallejo --
Mis ojos son como un Son, Vallejo --
Hablar contigo, Sabines --
Pablo Neruda --
Conversaci&#xF3;n con Canales, la plaza y yo --
...y un Benedetti de aliado, dispongo --
Le&#xF3;n Felipe, el c&#xE1;liz --
Antes Borges, &#xA1;por qui&#xE9;n doblan las campanas! --
Octavio Paz --
Federico Garc&#xED;a Lorca --
Canto con Alejandra Pizarnik --
Poema por la muerte de Rosario Ferr&#xE9; --
"Me llamo barro, aunque Miguel me llame"--
Conversaci&#xF3;n con los muertos de los Ochenta--
Conversaci&#xF3;n con &#xC1;ngel Luis Torres --



</subfield>
  </datafield>
  <datafield tag="505" ind1="0" ind2=" ">
    <subfield code="a">II. Conversaci&#xF3;n con un muerto en vida --
IV. Conversaci&#xF3;n con la otra muerte --
Nostalgia --
Ahora es mi turno, Dios --
Poema para mi muerte en vano --
Conversaci&#xF3;n con lo que ha sido yo --
Eleg&#xED;a por la vida de un amigo --
Hoy vuelvan todos --
Erizando los pensamientos --
Nosotros los necesarios --
La simplicidad de los Simples --
Un gran amor --
Despu&#xE9;s de todo, Dios --
Detr&#xE1;s de cada presagio --
Poema de la pandemia que no fue una guerra --
Llegada la muerte.. --
Todav&#xED;a.. --
El d&#xED;a de los muertos --
Memorias de papel --
Mi corazonada tuvo un coraz&#xF3;n --
Eco de las voces, septiembre 11 --
Para el descanso eterno --
La nostalgia, escritura que sue&#xF1;a --
Por antonomasia --
Como la imagen en el espejo --
La soledad y sus atisbos --
V. Posdata --
Posdata sin data --
Ya pronto... pronto ya -- 
En Jayuya, Puerto Rico --
</subfield>
  </datafield>
  <datafield tag="590" ind1=" " ind2=" ">
    <subfield code="a">Inventariado, 2024 /LP</subfield>
  </datafield>
  <datafield tag="942" ind1=" " ind2=" ">
    <subfield code="2">ddc</subfield>
    <subfield code="c">LBS1</subfield>
  </datafield>
  <datafield tag="952" ind1=" " ind2=" ">
    <subfield code="0">0</subfield>
    <subfield code="1">0</subfield>
    <subfield code="2">ddc</subfield>
    <subfield code="5">1</subfield>
    <subfield code="7">0</subfield>
    <subfield code="8">PD</subfield>
    <subfield code="a">BNPHU</subfield>
    <subfield code="b">BNPHU</subfield>
    <subfield code="c">HD</subfield>
    <subfield code="d">2023-12-01</subfield>
    <subfield code="e">Dep&#xF3;sito Legal</subfield>
    <subfield code="l">0</subfield>
    <subfield code="p">2024-2072</subfield>
    <subfield code="r">2024-04-11</subfield>
    <subfield code="w">2024-04-11</subfield>
    <subfield code="y">LBS1</subfield>
  </datafield>
  <datafield tag="952" ind1=" " ind2=" ">
    <subfield code="0">0</subfield>
    <subfield code="1">0</subfield>
    <subfield code="2">ddc</subfield>
    <subfield code="5">1</subfield>
    <subfield code="7">0</subfield>
    <subfield code="8">PD</subfield>
    <subfield code="a">BNPHU</subfield>
    <subfield code="b">BNPHU</subfield>
    <subfield code="c">HD</subfield>
    <subfield code="d">2023-12-01</subfield>
    <subfield code="e">Dep&#xF3;sito Legal</subfield>
    <subfield code="l">0</subfield>
    <subfield code="p">2024-2073</subfield>
    <subfield code="r">2024-04-11</subfield>
    <subfield code="t">e. 2</subfield>
    <subfield code="w">2024-04-11</subfield>
    <subfield code="y">LBS1</subfield>
  </datafield>
  <datafield tag="952" ind1=" " ind2=" ">
    <subfield code="0">0</subfield>
    <subfield code="1">0</subfield>
    <subfield code="2">ddc</subfield>
    <subfield code="5">6</subfield>
    <subfield code="7">0</subfield>
    <subfield code="8">DS</subfield>
    <subfield code="a">BNPHU</subfield>
    <subfield code="b">BNPHU</subfield>
    <subfield code="c">HD</subfield>
    <subfield code="d">2023-12-01</subfield>
    <subfield code="l">0</subfield>
    <subfield code="p">2024-2074</subfield>
    <subfield code="r">2024-04-11</subfield>
    <subfield code="t">e. 3</subfield>
    <subfield code="w">2024-04-11</subfield>
    <subfield code="y">LBS1</subfield>
  </datafield>
  <datafield tag="999" ind1=" " ind2=" ">
    <subfield code="c">56341</subfield>
    <subfield code="d">56341</subfield>
  </datafield>
</record>
